Growth / (Record no. 1621)
[ view plain ]
| 000 -LEADER | |
|---|---|
| fixed length control field | 00617cam a2200205 4500 |
| 001 - CONTROL NUMBER | |
| control field | 2073 |
| 005 - DATE AND TIME OF LATEST TRANSACTION | |
| control field | 20181127164517.0 |
| 008 - FIXED-LENGTH DATA ELEMENTS--GENERAL INFORMATION | |
| fixed length control field | 711108s1965 nyua b 000 0 eng |
| 010 ## - LIBRARY OF CONGRESS CONTROL NUMBER | |
| LC control number | 65026322 |
| 100 1# - MAIN ENTRY--PERSONAL NAME | |
| Personal name | Tanner, J. M. |
| Fuller form of name | (James Mourilyan) |
| 245 00 - TITLE STATEMENT | |
| Title | Growth / |
| Statement of responsibility, etc. | James M. Tanner. |
| 260 ## - PUBLICATION, DISTRIBUTION, ETC. | |
| Place of publication, distribution, etc. | New York : |
| Name of publisher, distributor, etc. | Time, Inc., |
| Date of publication, distribution, etc. | 1965. |
| 300 ## - PHYSICAL DESCRIPTION | |
| Extent | 200 p. : |
| Other physical details | ill. ; |
| Dimensions | 28 cm. |
| 440 #0 - SERIES STATEMENT/ADDED ENTRY--TITLE | |
| Title | Life science library |
| 504 ## - BIBLIOGRAPHY, ETC. NOTE | |
| Bibliography, etc. note | Bibliography: p. 194. |
| 650 #0 - SUBJECT ADDED ENTRY--TOPICAL TERM | |
| Topical term or geographic name entry element | Growth. |
| 700 ## - ADDED ENTRY--PERSONAL NAME | |
| Personal name | Gordon Rattray Taylor. |
| Numeration | |
| Titles and other words associated with a name | |
| Dates associated with a name | |
| Relator term | |
| Form subheading | |
| Language of a work | |
| Medium of performance for music | |
| Number of part/section of a work | |
| Arranged statement for music | |
| Name of part/section of a work | |
| Fuller form of name | |
| Key for music | |
| Version | |
| Title of a work | |
| Personal name | Taylor, Gordon Rattray, |
| Relator term | joint author. |
| 730 0# - ADDED ENTRY--UNIFORM TITLE | |
| Uniform title | Life (Chicago, Ill.) |
| Withdrawn status | Lost status | Source of classification or shelving scheme | Damaged status | Not for loan | Collection code | Home library | Current library | Shelving location | Serial Enumeration / chronology | Inventory number | Total Checkouts | Full call number | Barcode | Date last seen | Price effective from | Koha item type |
|---|---|---|---|---|---|---|---|---|---|---|---|---|---|---|---|---|
| Dewey Decimal Classification | Main TEST | RTC Library | RTC Library | Main opac | 1750 | 612.6 TAN | 30003255 | 27/11/2018 | 27/11/2018 | Main |